[Event "I Memorial Oliver Gonzalez Somoza"]
[Site "Madrid ESP"]
[Date "2010.10.16"]
[Round "8.60"]
[White "Hernandez Mateo, Borja"]
[Black "Valderrama Arroyo, Victor"]
[Result "0-1"]
[WhiteElo "1617"]
[BlackElo "1886"]
[PlyCount "108"]
[EventDate "2010.10.09"]
[EventType "swiss"]
[EventRounds "9"]
[EventCountry "ESP"]
[Source "lmi"]
[SourceDate "2010.10.09"]

1. e4 c5 2. Nf3 d6 3. d4 cxd4 4. Nxd4 Nf6 5. Nc3 a6 6. Be2 e6 7. Be3 b5 8. Qd2
Bb7 9. f3 Nbd7 10. O-O-O Rc8 11. g4 h6 12. h4 Nc5 13. Nb3 Nxb3+ 14. axb3 Qa5
15. Nb1 Qxd2+ 16. Rxd2 d5 17. exd5 Bxd5 18. Nc3 Bb4 19. Rd3 Bxc3 20. bxc3 Nxg4
21. Rxd5 Nxe3 22. Rd3 Nd5 23. Kb2 Nf4 24. Re3 Nxe2 25. Rxe2 Ke7 26. f4 Rc5 27.
Rg1 g6 28. Re3 Rf5 29. Re4 Rd8 30. Ra1 Rd6 31. c4 bxc4 32. Rxc4 Rh5 33. Rc7+
Kf6 34. Ra7 Rxh4 35. R1xa6 Rxa6 36. Rxa6 Rxf4 37. Ra1 h5 38. Ka3 h4 39. b4 Ke7
40. b5 Kd7 41. Rc1 h3 42. c4 h2 43. c5 Rg4 44. c6+ Kc8 45. Rh1 Rg2 46. Kb4 Kc7
47. Kc5 Rc2+ 48. Kd4 g5 49. Rb1 Kb6 50. Ke5 g4 51. Kf4 f5 52. Kg3 e5 53. Rf1
f4+ 54. Kxg4 Rg2+ 0-1

[Event "I Memorial Oliver Gonzalez Somoza"]
[Site "Madrid ESP"]
[Date "2010.10.16"]
[Round "8.61"]
[White "Marcos Herrero, Francisco"]
[Black "Sanchez Lopez, Pedro"]
[Result "1-0"]
[WhiteElo "1880"]
[BlackElo "1474"]
[PlyCount "69"]
[EventDate "2010.10.09"]
[EventType "swiss"]
[EventRounds "9"]
[EventCountry "ESP"]
[Source "lmi"]
[SourceDate "2010.10.09"]

1. d4 Nf6 2. Nf3 g6 3. c4 d5 4. g3 Bg7 5. Bg2 O-O 6. Nc3 dxc4 7. e4 c5 8. d5
Bg4 9. Qa4 Nbd7 10. Qxc4 Bxf3 11. Bxf3 Ne5 12. Qe2 Nxf3+ 13. Qxf3 Re8 14. O-O
e6 15. Bg5 h6 16. Bf4 exd5 17. exd5 b6 18. Rfd1 Nd7 19. a4 Ne5 20. Bxe5 Bxe5
21. Rd2 Bxc3 22. bxc3 Qd6 23. c4 Rad8 24. Re2 Kg7 25. Rae1 Rxe2 26. Rxe2 Qf6
27. Qb3 Rd7 28. Qd1 Re7 29. Rxe7 Qxe7 30. d6 Qd7 31. Qd5 Kf6 32. f4 Qe6 33. Qd3
Qd7 34. Kf2 Ke6 35. Qd5+ 1-0

[Event "I Memorial Oliver Gonzalez Somoza"]
[Site "Madrid ESP"]
[Date "2010.10.16"]
[Round "8.62"]
[White "Sanchez Lopez, Maria"]
[Black "Suarez Prieto, Leopoldo"]
[Result "1-0"]
[WhiteElo "1574"]
[BlackElo "1815"]
[PlyCount "125"]
[EventDate "2010.10.09"]
[EventType "swiss"]
[EventRounds "9"]
[EventCountry "ESP"]
[Source "lmi"]
[SourceDate "2010.10.09"]

1. c4 e5 2. g3 Bc5 3. Bg2 Nc6 4. Nc3 a6 5. Nf3 d6 6. d3 h6 7. O-O Be6 8. a3 Qd7
9. b4 Ba7 10. Bb2 Rb8 11. Qa4 Nce7 12. b5 Nf6 13. Rfc1 g5 14. Nd2 h5 15. Nde4
Ng4 16. h3 f5 17. hxg4 fxe4 18. Nxe4 O-O 19. gxh5 Nf5 20. c5 dxc5 21. Nxc5 Bxc5
22. Rxc5 axb5 23. Qxb5 c6 24. Qb4 Bd5 25. Bxd5+ cxd5 26. Bxe5 Rbe8 27. Rc7 Qe6
28. f4 Rc8 29. Qxb7 Rxc7 30. Qxc7 Rf7 31. Qd8+ Rf8 32. Qxg5+ Kf7 33. Qg6+ Qxg6
34. hxg6+ Kxg6 35. Kf2 Re8 36. Rb1 Re6 37. a4 d4 38. a5 Kh5 39. Rb5 Kg4 40. Rb6
Re8 41. a6 Rc8 42. a7 Nxg3 43. Bc7 Nf5 44. Rb8 Rxc7 45. a8=Q Kxf4 46. Qf3+ Kg5
47. Rg8+ Rg7 48. Qg2+ Kf6 49. Rxg7 Nxg7 50. Qc6+ Ne6 51. Kf3 Ke5 52. Qe8 Kd5
53. e4+ Ke5 54. Kg4 Kd6 55. Qb8+ Ke7 56. Kf5 Kd7 57. Kf6 Nc5 58. e5 Na6 59.
Qb7+ Nc7 60. e6+ Kd6 61. Qb6+ Kd5 62. Kf7 Na8 63. Qb7+ 1-0

[Event "I Memorial Oliver Gonzalez Somoza"]
[Site "Madrid ESP"]
[Date "2010.10.16"]
[Round "8.63"]
[White "Tevar Becerra, Alvaro"]
[Black "Illan Gomez, Miguel"]
[Result "1/2-1/2"]
[WhiteElo "1449"]
[BlackElo "1804"]
[PlyCount "40"]
[EventDate "2010.10.09"]
[EventType "swiss"]
[EventRounds "9"]
[EventCountry "ESP"]
[Source "lmi"]
[SourceDate "2010.10.09"]

1. e4 e5 2. Nf3 Nc6 3. Bc4 Bc5 4. O-O Nf6 5. Nc3 O-O 6. d3 b6 7. Be3 Bxe3 8.
fxe3 d6 9. Nd2 Na5 10. Nd5 Ng4 11. h3 c6 12. Nc3 d5 13. exd5 cxd5 14. hxg4 dxc4
15. dxc4 Qg5 16. Qf3 Qxg4 17. Qxg4 Bxg4 18. Nd5 Rad8 19. Rf2 f6 20. e4 Rd7
1/2-1/2

[Event "I Memorial Oliver Gonzalez Somoza"]
[Site "Madrid ESP"]
[Date "2010.10.17"]
[Round "9.3"]
[White "Herraiz Hidalgo, Herminio"]
[Black "Strikovic, Aleksa"]
[Result "1-0"]
[WhiteElo "2480"]
[BlackElo "2560"]
[PlyCount "63"]
[EventDate "2010.10.09"]
[EventType "swiss"]
[EventRounds "9"]
[EventCountry "ESP"]
[Source "lmi"]
[SourceDate "2010.10.09"]

1. d4 d6 2. Nf3 Nf6 3. c4 g6 4. Nc3 Bg7 5. e4 O-O 6. Be2 c5 7. O-O Nc6 8. d5
Na5 9. Bg5 h6 10. Bd2 e5 11. Qc2 Bd7 12. Rab1 b6 13. a3 Ne8 14. b4 Nb7 15. g3
Rc8 16. Nh4 Qe7 17. f3 h5 18. Ng2 Kh7 19. Bd3 Nf6 20. Rbe1 Bh6 21. Bxh6 Kxh6
22. Ne3 Kg7 23. Qd2 h4 24. Nf5+ gxf5 25. Qg5+ Kh7 26. Qxh4+ Kg7 27. Qg5+ Kh8
28. exf5 Ng8 29. Qh5+ Kg7 30. f6+ Nxf6 31. Qg5+ Kh8 32. Re4 1-0

[Event "I Memorial Oliver Gonzalez Somoza"]
[Site "Madrid ESP"]
[Date "2010.10.17"]
[Round "9.4"]
[White "Vazquez Igarza, Renier"]
[Black "Recuero Guerra, David"]
[Result "1-0"]
[WhiteElo "2535"]
[BlackElo "2457"]
[PlyCount "109"]
[EventDate "2010.10.09"]
[EventType "swiss"]
[EventRounds "9"]
[EventCountry "ESP"]
[Source "lmi"]
[SourceDate "2010.10.09"]

1. Nf3 d5 2. d4 Nf6 3. c4 e6 4. Nc3 c6 5. Bg5 dxc4 6. e4 b5 7. e5 h6 8. Bh4 g5
9. Nxg5 hxg5 10. Bxg5 Nbd7 11. exf6 Bb7 12. g3 c5 13. d5 Nxf6 14. Bg2 Be7 15.
O-O Nxd5 16. Bxe7 Kxe7 17. Nxb5 Qb6 18. Na3 Rh4 19. Rc1 Rg8 20. Nxc4 Qc7 21.
Qd2 Nf4 22. Bxb7 Nh3+ 23. Kh1 Qxb7+ 24. f3 Rd4 25. Qe3 Rd5 26. b3 Ng5 27. Kg2
Rgd8 28. Ne5 Rxe5 29. Qxe5 Rd2+ 30. Kh1 Nxf3 31. Qxc5+ Kd7 32. Qc7+ Qxc7 33.
Rxc7+ Kxc7 34. Rxf3 f5 35. h4 Rxa2 36. h5 Rd2 37. Rc3+ Kb7 38. Re3 Rd6 39. Kg2
Kc7 40. h6 e5 41. Rxe5 Rxh6 42. Rxf5 Kd6 43. g4 Ke7 44. Kg3 Rb6 45. Rf3 a5 46.
Kh4 Rb4 47. Kh5 a4 48. bxa4 Rxa4 49. g5 Ra6 50. g6 Ra1 51. Kh6 Rh1+ 52. Kg7 Re1
53. Kg8 Re2 54. g7 Re1 55. Rh3 1-0

[Event "I Memorial Oliver Gonzalez Somoza"]
[Site "Madrid ESP"]
[Date "2010.10.17"]
[Round "9.5"]
[White "Anton Guijarro, David"]
[Black "Del Rio De Angelis, Salvador G"]
[Result "1/2-1/2"]
[WhiteElo "2403"]
[BlackElo "2515"]
[PlyCount "175"]
[EventDate "2010.10.09"]
[EventType "swiss"]
[EventRounds "9"]
[EventCountry "ESP"]
[Source "lmi"]
[SourceDate "2010.10.09"]

1. d4 g6 2. e4 Bg7 3. Nc3 c6 4. Nf3 d5 5. h3 Nf6 6. e5 Ne4 7. Nxe4 dxe4 8. Ng5
c5 9. e6 f6 10. Nxe4 cxd4 11. Bc4 O-O 12. h4 Qb6 13. Qe2 Nc6 14. f4 Na5 15. Bd3
Bxe6 16. h5 Rac8 17. hxg6 hxg6 18. b3 Kf7 19. Nd6+ exd6 20. Bxg6+ Ke7 21. f5
Kd8 22. fxe6 Rc7 23. Bd3 Nc6 24. Bb2 Qa5+ 25. Kf1 Re7 26. Rh7 f5 27. Re1 Be5
28. Qh5 Qc7 29. Rh6 Nb4 30. Qe2 Rh7 31. Bc1 Rg7 32. Bc4 f4 33. Qe4 Qe7 34. Rh5
Nc6 35. Rf5 Rxf5 36. Qxf5 Qg5 37. Qxg5+ Rxg5 38. Bd2 Ne7 39. Kf2 Nf5 40. Bd5
Ne3 41. Bxb7 Ke7 42. Be4 Rh5 43. Bf3 Rh8 44. Rc1 Rc8 45. Ke2 Rg8 46. Rh1 Kxe6
47. Rh6+ Kd7 48. Rh7+ Rg7 49. Rxg7+ Bxg7 50. Kd3 d5 51. a4 Kc6 52. Bc1 Be5 53.
Bb2 Kc5 54. Ba3+ Kc6 55. Be7 Nf5 56. Ba3 Ne3 57. Bf8 Bf6 58. b4 a6 59. a5 Nc4
60. Bh5 Ne5+ 61. Kd2 Nc4+ 62. Kc1 Ne3 63. Be8+ Kb7 64. b5 axb5 65. Bxb5 Bd8 66.
a6+ Ka7 67. Kd2 Nxg2 68. Ke2 Ne3 69. Bd3 Nc4 70. Bh6 Bc7 71. Bg7 Bb6 72. Bh6
Kxa6 73. Bxf4 Kb5 74. Kd1 Kc5 75. Bxc4 dxc4 76. Kc1 Bd8 77. Bh6 Bh4 78. Kd2 Bf2
79. Ke2 Bg1 80. Bf8+ Kb5 81. Kf1 Bh2 82. Ke2 Bb8 83. Be7 Ba7 84. Kd2 Bc5 85.
Bg5 Ka4 86. Kc1 Ba3+ 87. Kb1 c3 88. Bf6 1/2-1/2

[Event "I Memorial Oliver Gonzalez Somoza"]
[Site "Madrid ESP"]
[Date "2010.10.17"]
[Round "9.6"]
[White "Candela Perez, Jose"]
[Black "Gemy, Jose Daniel"]
[Result "1-0"]
[WhiteElo "2390"]
[BlackElo "2325"]
[PlyCount "109"]
[EventDate "2010.10.09"]
[EventType "swiss"]
[EventRounds "9"]
[EventCountry "ESP"]
[Source "lmi"]
[SourceDate "2010.10.09"]

1. d4 d5 2. c4 e6 3. Nc3 Nf6 4. Nf3 Be7 5. Bf4 c6 6. e3 Nbd7 7. h3 b6 8. cxd5
exd5 9. Bd3 Bb7 10. Qc2 Nf8 11. O-O-O Ne6 12. Be5 Bd6 13. e4 dxe4 14. Nxe4 Nxe4
15. Bxe4 Qc7 16. Bxh7 O-O-O 17. Be4 Kb8 18. Kb1 f6 19. Bxd6 Rxd6 20. Rd2 Nf4
21. Rg1 Rhd8 22. h4 Qe7 23. g3 Ne6 24. Rgd1 g5 25. hxg5 fxg5 26. Qc3 Nc7 27.
Qe3 Re6 28. Ne5 Qg7 29. f4 gxf4 30. gxf4 Red6 31. Qf3 Qf6 32. f5 Nd5 33. Rg2
Ne7 34. Ng4 Qf8 35. f6 Rxd4 36. Rxd4 Rxd4 37. fxe7 Qxe7 38. Nf2 a5 39. a3 Ka7
40. Rg1 Qe5 41. Rd1 Rxd1+ 42. Nxd1 Qe6 43. Nc3 Qc4 44. Qd3 Qe6 45. Kc2 Qf7 46.
Qf3 Qd7 47. Ne2 Qe7 48. Nd4 Qh4 49. Nxc6+ Bxc6 50. Bxc6 Qc4+ 51. Kb1 Qg8 52.
Qd5 Qh7+ 53. Ka2 Qc7 54. Qd7 Qxd7 55. Bxd7 1-0

[Event "I Memorial Oliver Gonzalez Somoza"]
[Site "Madrid ESP"]
[Date "2010.10.17"]
[Round "9.7"]
[White "Cueto, Johnny"]
[Black "Paunovic, Dragan"]
[Result "0-1"]
[WhiteElo "2301"]
[BlackElo "2559"]
[PlyCount "110"]
[EventDate "2010.10.09"]
[EventType "swiss"]
[EventRounds "9"]
[EventCountry "ESP"]
[Source "lmi"]
[SourceDate "2010.10.09"]

1. d4 d6 2. Bf4 g6 3. e3 Bg7 4. Be2 Nd7 5. Nf3 e5 6. Bg3 Nh6 7. h3 Nf5 8. Bh2
O-O 9. dxe5 dxe5 10. Nbd2 Qe7 11. e4 Nd6 12. O-O b6 13. Nc4 Bb7 14. Nxd6 cxd6
15. Nd2 Nc5 16. f3 Rad8 17. Bc4 Ne6 18. Bd5 Bc8 19. Rf2 Bh6 20. Nf1 Nf4 21.
Bxf4 Bxf4 22. g3 Bh6 23. Rh2 Kg7 24. c4 f5 25. Qd3 f4 26. g4 Bg5 27. b4 h5 28.
a4 hxg4 29. hxg4 a5 30. b5 Bh4 31. Raa2 Rh8 32. Rag2 Rh6 33. Qa3 Rdh8 34. Qb2
Kf8 35. Qa2 g5 36. Rh3 Qc7 37. Rgh2 Qc5+ 38. Kg2 Qb4 39. Kh1 Kg7 40. Qa1 Bf2
41. Rxh6 Rxh6 42. Rxh6 Kxh6 43. Qa2 Qe1 44. Kg2 Bc5 45. Qd2 Qa1 46. Qc2 Qd4 47.
Kh3 Kg7 48. Qg2 Qd1 49. Kh2 Qxa4 50. Qh3 Qc2+ 51. Kh1 Qf2 52. Qg2 Qh4+ 53. Qh2
Be3 54. Qxh4 gxh4 55. Kg2 Kf6 0-1

[Event "I Memorial Oliver Gonzalez Somoza"]
[Site "Madrid ESP"]
[Date "2010.10.17"]
[Round "9.8"]
[White "Moreno Ruiz, Javier"]
[Black "Serrano Salvador, Eduardo"]
[Result "1-0"]
[WhiteElo "2491"]
[BlackElo "2352"]
[PlyCount "43"]
[EventDate "2010.10.09"]
[EventType "swiss"]
[EventRounds "9"]
[EventCountry "ESP"]
[Source "lmi"]
[SourceDate "2010.10.09"]

1. c4 e5 2. g3 Nf6 3. Bg2 d6 4. Nc3 c6 5. d4 Be7 6. e3 O-O 7. Nge2 Nbd7 8. b3
exd4 9. Qxd4 Ne5 10. h3 Re8 11. Bb2 Bf8 12. g4 h6 13. Ng3 Ng6 14. O-O-O Nh4 15.
Rhg1 Nxg2 16. Rxg2 d5 17. Nh5 Nxh5 18. gxh5 Bf5 19. Nxd5 Kh8 20. Rxg7 f6 21.
Rxb7 Re6 22. Qf4 1-0

[Event "I Memorial Oliver Gonzalez Somoza"]
[Site "Madrid ESP"]
[Date "2010.10.17"]
[Round "9.9"]
[White "Vila Gazquez, Xavier"]
[Black "Gallardo Garcia, Andres"]
[Result "0-1"]
[WhiteElo "2478"]
[BlackElo "2373"]
[PlyCount "108"]
[EventDate "2010.10.09"]
[EventType "swiss"]
[EventRounds "9"]
[EventCountry "ESP"]
[Source "lmi"]
[SourceDate "2010.10.09"]

1. e4 e5 2. Nf3 Nc6 3. Nc3 Nf6 4. a3 d6 5. d4 Be7 6. Be2 O-O 7. O-O Re8 8. d5
Nb8 9. Re1 g6 10. Bf1 Nh5 11. b4 Ng7 12. Nd2 f5 13. exf5 gxf5 14. f4 Bf6 15.
Bb2 exf4 16. Nf3 Rxe1 17. Qxe1 a5 18. Rb1 axb4 19. axb4 Nd7 20. Ne2 Bxb2 21.
Rxb2 Qf6 22. Rb3 Ne5 23. Nxf4 Bd7 24. Qc3 Ra1 25. Nd4 Rd1 26. Nde2 Bb5 27. Qxc7
Ng4 28. Qc8+ Be8 29. Rf3 Qe5 30. h3 Ne3 31. Qc3 Nxd5 32. Nxd5 Qxd5 33. Rg3 Qe5
34. Qc4+ Kf8 35. Qc3 Bb5 36. Qc8+ Ne8 37. c4 Bc6 38. Kf2 f4 39. Rb3 f3 40. Re3
Rxf1+ 41. Kxf1 Qxe3 42. Qf5+ Kg8 43. gxf3 Qxf3+ 44. Qxf3 Bxf3 45. Nd4 Be4 46.
Kf2 Kf7 47. Ke3 Bg2 48. h4 Kf6 49. Kf4 Bf1 50. c5 dxc5 51. bxc5 Bg2 52. Kg4 Nc7
53. Nb3 Ne6 54. Kh5 Kg7 0-1

[Event "I Memorial Oliver Gonzalez Somoza"]
[Site "Madrid ESP"]
[Date "2010.10.17"]
[Round "9.11"]
[White "Lariño Nieto, David"]
[Black "Solaesa Navalpotro, Luis Julio"]
[Result "1-0"]
[WhiteElo "2451"]
[BlackElo "2227"]
[PlyCount "35"]
[EventDate "2010.10.09"]
[EventType "swiss"]
[EventRounds "9"]
[EventCountry "ESP"]
[Source "lmi"]
[SourceDate "2010.10.09"]

1. e4 e5 2. Nf3 Nc6 3. Bb5 a6 4. Bxc6 dxc6 5. O-O Qd6 6. Na3 b5 7. c3 c5 8. Nc2
Bb7 9. Re1 O-O-O 10. a4 Ne7 11. axb5 axb5 12. d4 cxd4 13. cxd4 exd4 14. Ncxd4
c5 15. Qc2 Qb6 16. b4 Nc6 17. Nxc6 Qxc6 18. bxc5 1-0

[Event "I Memorial Oliver Gonzalez Somoza"]
[Site "Madrid ESP"]
[Date "2010.10.17"]
[Round "9.12"]
[White "Alcazar Jimenez, Jesus Alberto"]
[Black "Barria Zuñiga, Daniel"]
[Result "1/2-1/2"]
[WhiteElo "2289"]
[BlackElo "2419"]
[PlyCount "67"]
[EventDate "2010.10.09"]
[EventType "swiss"]
[EventRounds "9"]
[EventCountry "ESP"]
[Source "lmi"]
[SourceDate "2010.10.09"]

1. Nf3 d5 2. g3 c6 3. Bg2 Bf5 4. O-O e6 5. Nh4 Bg4 6. d3 Be7 7. Nf3 Nf6 8. b3
O-O 9. Bb2 c5 10. h3 Bh5 11. g4 Bg6 12. Ne5 Nfd7 13. Nxg6 hxg6 14. c4 Bf6 15.
Nc3 Nb6 16. cxd5 exd5 17. Rc1 Nc6 18. Ba3 Nb4 19. d4 cxd4 20. Bxb4 dxc3 21.
Bxf8 Kxf8 22. g5 Bxg5 23. Rxc3 Bf6 24. Rd3 d4 25. e3 Nd5 26. Bxd5 Qxd5 27. exd4
Rd8 28. Qg4 Qf5 29. Qxf5 gxf5 30. Rc1 Rd7 31. d5 Ke7 32. d6+ Kd8 33. Rd5 g6 34.
f4 1/2-1/2

[Event "I Memorial Oliver Gonzalez Somoza"]
[Site "Madrid ESP"]
[Date "2010.10.17"]
[Round "9.14"]
[White "Perez Mitjans, Orelvis"]
[Black "Ramos Aldoradin, John Paul"]
[Result "1-0"]
[WhiteElo "2445"]
[BlackElo "2126"]
[PlyCount "53"]
[EventDate "2010.10.09"]
[EventType "swiss"]
[EventRounds "9"]
[EventCountry "ESP"]
[Source "lmi"]
[SourceDate "2010.10.09"]

1. e4 e6 2. d4 d5 3. e5 c5 4. c3 Qb6 5. Nf3 Bd7 6. Bd3 cxd4 7. cxd4 Bb5 8. O-O
Bxd3 9. Qxd3 Nc6 10. Nc3 Nge7 11. Be3 Ng6 12. h4 h5 13. g3 Qd8 14. a3 Qd7 15.
b4 Nge7 16. Rac1 Nc8 17. Ne2 Be7 18. Bd2 a6 19. Nf4 g6 20. Ng2 N8a7 21. Bg5
Bxg5 22. Nxg5 O-O 23. Ne3 Nb5 24. g4 Nc7 25. a4 Ne7 26. gxh5 Nf5 27. Rc2 1-0

[Event "I Memorial Oliver Gonzalez Somoza"]
[Site "Madrid ESP"]
[Date "2010.10.17"]
[Round "9.15"]
[White "Rubio Mejia, Luis Ignacio"]
[Black "Pascual Palomo, Lucia"]
[Result "1-0"]
[WhiteElo "2373"]
[BlackElo "2126"]
[PlyCount "97"]
[EventDate "2010.10.09"]
[EventType "swiss"]
[EventRounds "9"]
[EventCountry "ESP"]
[Source "lmi"]
[SourceDate "2010.10.09"]

1. d4 e6 2. c4 Nf6 3. Nc3 Bb4 4. f3 c5 5. d5 Bxc3+ 6. bxc3 d6 7. e4 e5 8. Bd3
Nbd7 9. Qa4 Qe7 10. Ne2 Nh5 11. g3 O-O 12. Qc2 b6 13. Rf1 Re8 14. g4 Qh4+ 15.
Kd1 Nf4 16. Nxf4 exf4 17. Bxf4 Qf6 18. Bg3 Ne5 19. Be2 Bd7 20. Rb1 Rab8 21. h3
b5 22. cxb5 c4 23. f4 Nd3 24. Bxd3 Bxb5 25. Rxb5 Rxb5 26. Bxc4 Rc5 27. g5 Qg6
28. Bd3 Qh5+ 29. Ke1 Qxh3 30. Kf2 g6 31. c4 Rb8 32. Rb1 Rcc8 33. Rb3 Qd7 34.
Qb2 Qc7 35. Kg2 Rxb3 36. axb3 Rb8 37. Bf2 a5 38. Qf6 Qd7 39. f5 Qd8 40. Qxd8+
Rxd8 41. f6 Rb8 42. c5 dxc5 43. Bc4 Rc8 44. e5 h6 45. gxh6 Kh7 46. e6 g5 47.
exf7 Kg6 48. d6 Kxf6 49. Bxc5 1-0

[Event "I Memorial Oliver Gonzalez Somoza"]
[Site "Madrid ESP"]
[Date "2010.10.17"]
[Round "9.16"]
[White "Piasetski, Leon"]
[Black "Montañes Arribas, Adrian"]
[Result "1/2-1/2"]
[WhiteElo "2303"]
[BlackElo "2114"]
[PlyCount "37"]
[EventDate "2010.10.09"]
[EventType "swiss"]
[EventRounds "9"]
[EventCountry "ESP"]
[Source "lmi"]
[SourceDate "2010.10.09"]

1. Nf3 d5 2. d4 Nf6 3. c4 c6 4. e3 Bf5 5. Nc3 e6 6. Nh4 Be4 7. Be2 Bd6 8. Qb3
Qc7 9. f4 Nbd7 10. Bd2 O-O 11. O-O Rac8 12. c5 Be7 13. Qa4 b6 14. b4 bxc5 15.
bxc5 Rb8 16. Rfc1 Rb2 17. Qd1 h6 18. Na4 Rbb8 19. Nf3 1/2-1/2

[Event "I Memorial Oliver Gonzalez Somoza"]
[Site "Madrid ESP"]
[Date "2010.10.17"]
[Round "9.17"]
[White "Nieto De La Cruz, Julio"]
[Black "Madina Yadarola, Martin"]
[Result "0-1"]
[WhiteElo "2147"]
[BlackElo "2254"]
[PlyCount "66"]
[EventDate "2010.10.09"]
[EventType "swiss"]
[EventRounds "9"]
[EventCountry "ESP"]
[Source "lmi"]
[SourceDate "2010.10.09"]

1. d4 Nf6 2. c4 g6 3. Nc3 d5 4. Nf3 Bg7 5. Bg5 Ne4 6. cxd5 Nxg5 7. Nxg5 e6 8.
Qd2 h6 9. Nh3 exd5 10. Nf4 O-O 11. e3 c6 12. Be2 Qd6 13. O-O Bf5 14. Na4 Nd7
15. Rfc1 Nf6 16. b4 Ne4 17. Qb2 Rae8 18. Nd3 Qe7 19. b5 Nxf2 20. Nxf2 Qxe3 21.
Bf1 Bxd4 22. Rc3 Qf4 23. bxc6 bxc6 24. Nc5 Re3 25. Rac1 Rfe8 26. Qd2 Be5 27. g3
Rxg3+ 28. Rxg3 Qxd2 29. Nb3 Qxa2 30. Rf3 Rb8 31. Nc5 Bd4 32. Ncd3 Bxd3 33. Bxd3
Qd2 0-1

[Event "I Memorial Oliver Gonzalez Somoza"]
[Site "Madrid ESP"]
[Date "2010.10.17"]
[Round "9.18"]
[White "Cortes Jurado, Rafael"]
[Black "Martinez Rodriguez, Pablo"]
[Result "0-1"]
[WhiteElo "2083"]
[BlackElo "2239"]
[PlyCount "78"]
[EventDate "2010.10.09"]
[EventType "swiss"]
[EventRounds "9"]
[EventCountry "ESP"]
[Source "lmi"]
[SourceDate "2010.10.09"]

1. d4 Nf6 2. Nf3 c5 3. d5 b5 4. c4 bxc4 5. Nc3 d6 6. e4 g6 7. Bxc4 Bg7 8. O-O
O-O 9. h3 Ba6 10. Bxa6 Nxa6 11. Be3 Rb8 12. Rb1 Nc7 13. Qd2 Nb5 14. Nxb5 Rxb5
15. Nh2 Qa5 16. Qxa5 Rxa5 17. b4 cxb4 18. Rxb4 Rxa2 19. Rb7 Nxe4 20. Rxe7 Nc3
21. Bxa7 Ra8 22. Be3 Nxd5 23. Rd7 Re2 24. Rxd6 Nxe3 25. fxe3 Raa2 26. Rd8+ Bf8
27. Ng4 Rxg2+ 28. Kh1 f5 29. e4 fxg4 30. Rfxf8+ Kg7 31. hxg4 Rge2 32. Kg1 Rxe4
33. g5 Rg4+ 34. Kh1 Ra1+ 35. Kh2 Rxg5 36. Rg8+ Kh6 37. Rd7 Ra4 38. Kh3 Rb5 39.
Rd3 Rab4 0-1

[Event "I Memorial Oliver Gonzalez Somoza"]
[Site "Madrid ESP"]
[Date "2010.10.17"]
[Round "9.19"]
[White "Castaño, Henry Augusto"]
[Black "Barajas Fernandez, Helios"]
[Result "1/2-1/2"]
[WhiteElo "2205"]
[BlackElo "1976"]
[PlyCount "79"]
[EventDate "2010.10.09"]
[EventType "swiss"]
[EventRounds "9"]
[EventCountry "ESP"]
[Source "lmi"]
[SourceDate "2010.10.09"]

1. e4 c5 2. Nf3 e6 3. d4 cxd4 4. Nxd4 Nc6 5. Nc3 Qc7 6. Be3 a6 7. Qd2 Nf6 8.
O-O-O Bb4 9. f3 Ne5 10. Qe1 O-O 11. Nb3 Be7 12. f4 Nc4 13. e5 Ng4 14. Bg1 b5
15. Bd3 Bb7 16. Ne4 f5 17. Nec5 Bxg2 18. Bxc4 Bxc5 19. Nxc5 bxc4 20. h3 Bxh1
21. hxg4 Bd5 22. g5 Rfb8 23. Bd4 Rb5 24. Qe3 Rc8 25. Na4 Rcb8 26. Rd2 g6 27.
Rh2 Qd8 28. Nc3 Qe7 29. Nxb5 Rxb5 30. Bc3 Be4 31. Rd2 Bd5 32. a3 Qc5 33. Bd4
Qe7 34. Rh2 a5 35. a4 Rb7 36. Bc5 Qf7 37. Bd6 Qe8 38. Qc5 Qd8 39. Qe3 Qb6 40.
Qxb6 1/2-1/2

[Event "I Memorial Oliver Gonzalez Somoza"]
[Site "Madrid ESP"]
[Date "2010.10.17"]
[Round "9.20"]
[White "Aziz Ortego, Omar Luis"]
[Black "Pastor Alonso De Prado, Emilio A"]
[Result "0-1"]
[WhiteElo "2080"]
[BlackElo "2199"]
[PlyCount "114"]
[EventDate "2010.10.09"]
[EventType "swiss"]
[EventRounds "9"]
[EventCountry "ESP"]
[Source "lmi"]
[SourceDate "2010.10.09"]

1. e4 e5 2. Nc3 Nf6 3. Bc4 Bb4 4. Nf3 d6 5. d3 O-O 6. O-O Bxc3 7. bxc3 h6 8. h3
Nc6 9. Re1 Na5 10. Bb3 b6 11. Bd2 Qe8 12. Nh4 Kh7 13. Qf3 Ng8 14. Qg3 Nxb3 15.
cxb3 f6 16. d4 Ne7 17. f4 exf4 18. Qxf4 g5 19. Qe3 Qh5 20. Nf3 Ng6 21. g4 Bxg4
22. hxg4 Qxg4+ 23. Kf2 Nf4 24. Rg1 Nh3+ 25. Ke2 Nxg1+ 26. Rxg1 Qe6 27. d5 Qf7
28. Nd4 Rae8 29. Kd3 Qg6 30. Nf5 Re5 31. Rh1 Rxf5 32. exf5 Qxf5+ 33. Qe4 Qxe4+
34. Kxe4 Kg6 35. c4 h5 36. Kf3 Re8 37. Re1 Rxe1 38. Bxe1 f5 39. Bc3 f4 40. Kg2
h4 41. Kh3 f3 42. Bd4 Kh5 43. Kh2 g4 44. Bf2 Kg5 45. Be1 a6 46. Bf2 g3+ 47.
Bxg3 hxg3+ 48. Kxg3 f2 49. Kxf2 Kf4 50. Ke2 Ke4 51. Kd2 Kd4 52. a4 b5 53. cxb5
axb5 54. a5 Kxd5 55. Kc3 c5 56. b4 Kc6 57. Kb3 Kb7 0-1

[Event "I Memorial Oliver Gonzalez Somoza"]
[Site "Madrid ESP"]
[Date "2010.10.17"]
[Round "9.21"]
[White "Suarez Uriel, Adrian"]
[Black "Rasskin Friederichs, Ivan"]
[Result "1-0"]
[WhiteElo "2180"]
[BlackElo "1905"]
[PlyCount "95"]
[EventDate "2010.10.09"]
[EventType "swiss"]
[EventRounds "9"]
[EventCountry "ESP"]
[Source "lmi"]
[SourceDate "2010.10.09"]

1. e4 e6 2. Qe2 c5 3. Nf3 Nc6 4. g3 g6 5. Bg2 Bg7 6. O-O Nge7 7. c3 O-O 8. Rd1
e5 9. d3 d6 10. a3 a5 11. a4 Be6 12. Nfd2 d5 13. exd5 Bxd5 14. Ne4 f5 15. Ng5
Bxg2 16. Kxg2 Qd5+ 17. Qf3 Qxf3+ 18. Kxf3 Rf6 19. Be3 h6 20. Nh3 g5 21. g4 h5
22. Nxg5 hxg4+ 23. Ke2 Rg6 24. h4 Bh6 25. Bxc5 Nd5 26. Na3 Nf4+ 27. Kf1 Rd8 28.
Nc4 Rxd3 29. Be3 Bxg5 30. hxg5 Rxd1+ 31. Rxd1 Nh3 32. Rd6 Kh7 33. Rxg6 Kxg6 34.
Nd6 Nxg5 35. Nxb7 f4 36. Bb6 e4 37. Bc7 Ne6 38. Nxa5 Nxa5 39. Bxa5 Nc5 40. c4
f3 41. b4 Nd3 42. b5 e3 43. fxe3 g3 44. Bc7 g2+ 45. Kg1 Kh5 46. b6 Kg4 47. b7
Nc1 48. Bh2 1-0

[Event "I Memorial Oliver Gonzalez Somoza"]
[Site "Madrid ESP"]
[Date "2010.10.17"]
[Round "9.22"]
[White "Nuñez Gutierrez, Juan Carlos"]
[Black "Semprun Martinez, Fernando"]
[Result "1/2-1/2"]
[WhiteElo "2079"]
[BlackElo "2173"]
[PlyCount "43"]
[EventDate "2010.10.09"]
[EventType "swiss"]
[EventRounds "9"]
[EventCountry "ESP"]
[Source "lmi"]
[SourceDate "2010.10.09"]

1. e4 c5 2. Nf3 Nc6 3. c3 d5 4. exd5 Qxd5 5. d4 g6 6. Be3 cxd4 7. Nxd4 Nxd4 8.
cxd4 Nf6 9. Nc3 Qa5 10. Qd2 Bg7 11. Be2 O-O 12. h3 Be6 13. O-O Nd5 14. Bf3 Rfd8
15. Nxd5 Qxd2 16. Nxe7+ Kf8 17. Nxg6+ hxg6 18. Bxd2 Bxd4 19. Bc3 Bxc3 20. bxc3
Rac8 21. Bxb7 Rxc3 22. a4 1/2-1/2